[Event "Florianopolis op 10th"]
[Site "Florianopolis"]
[Date "2024.01.24"]
[Round "6"]
[White "Dias, Matheus Nunes"]
[Black "Silva, Adriano Da"]
[Result "1-0"]
[WhiteElo "1684"]
[BlackElo "1926"]
[PlyCount "57"]
[EventDate "2024.01.20"]
[EventType "swiss"]
[EventRounds "10"]
[EventCountry "BRA"]
[SourceTitle "CB05_2024"]
[SourceDate "2024.01.31"]
[SourceVersion "1"]
[SourceVersionDate "2024.01.31"]
[SourceQuality "1"]

1. d4 Nf6 2. c4 e6 3. Nc3 Bb4 4. Qc2 d5 5. a3 Bxc3+ 6. Qxc3 Ne4 7. Qc2 0-0 8. Bf4 c6 9. e3 Nf6 10. Nf3 Re8 11. Bd3 dxc4 12. Qxc4 b6 13. Bxb8 Rxb8 14. Qxc6 Bb7 15. Qc2 Rc8 16. Qe2 Re7 17. 0-0 Rec7 18. e4 h6 19. Rad1 g6 20. Qe3 Kg7 21. Rfe1 g5 22. h3 Nh5 23. d5 Rd7 24. Bb5 Rd6 25. Nd4 Kh7 26. Qf3 Nf4 27. g3 exd5 28. e5 Nxh3+ 29. Kh2 1-0

[Event "Florianopolis op 10th"]
[Site "Florianopolis"]
[Date "2024.01.22"]
[Round "4"]
[White "Dias, Matheus Nunes"]
[Black "Gruettner, Ralf"]
[Result "0-1"]
[WhiteElo "1684"]
[BlackElo "2071"]
[PlyCount "40"]
[EventDate "2024.01.20"]
[EventType "swiss"]
[EventRounds "10"]
[EventCountry "BRA"]
[SourceTitle "CB05_2024"]
[SourceDate "2024.01.31"]
[SourceVersion "1"]
[SourceVersionDate "2024.01.31"]
[SourceQuality "1"]

1. d4 Nf6 2. c4 c5 3. e3 g6 4. Nc3 Bg7 5. Nf3 0-0 6. Be2 Nc6 7. 0-0 d6 8. a3 Bf5 9. Bd3 Bxd3 10. Qxd3 Qc8 11. e4 cxd4 12. Nxd4 Nb4 13. Qe3 Ng4 14. Qd2 Bxd4 15. Qxd4 Nc2 16. Qd1 Nxa1 17. h3 Ne5 18. Bh6 Re8 19. Qxa1 f6 20. Bf4 Qxc4 0-1

[Event "Florianopolis op 10th"]
[Site "Florianopolis"]
[Date "2024.01.22"]
[Round "3"]
[White "Garcia Cruz, Luis Manuel"]
[Black "Dias, Matheus Nunes"]
[Result "0-1"]
[WhiteElo "1381"]
[BlackElo "1684"]
[PlyCount "59"]
[EventDate "2024.01.20"]
[EventType "swiss"]
[EventRounds "10"]
[EventCountry "BRA"]
[SourceTitle "CB05_2024"]
[SourceDate "2024.01.31"]
[SourceVersion "1"]
[SourceVersionDate "2024.01.31"]
[SourceQuality "1"]

1. e4 e6 2. d4 d5 3. exd5 exd5 4. Nf3 Bd6 5. Bd3 Ne7 6. c3 Bf5 7. 0-0 Bxd3 8. Qxd3 c6 9. Re1 0-0 10. Nbd2 Nd7 11. Nf1 Ng6 12. Ng3 Qc7 13. Nf5 Nf6 14. Nxd6 Qxd6 15. Ne5 Rfe8 16. f4 Ne4 17. Be3 f6 18. Nxg6 hxg6 19. a4 Kf7 20. b3 Rh8 21. c4 Rh5 22. cxd5 cxd5 23. Qb5 Rb8 24. Rac1 g5 25. g3 Kg6 26. Qd3 Rbh8 27. Rc2 Qd7 28. fxg5 fxg5 29. Rf1 Qh3 30. Bc1 0-1

[Event "Florianopolis op 10th"]
[Site "Florianopolis"]
[Date "2024.01.21"]
[Round "2"]
[White "Dias, Matheus Nunes"]
[Black "Oliveira, Andre Pereira Marti"]
[Result "1/2-1/2"]
[WhiteElo "1684"]
[BlackElo "1333"]
[PlyCount "65"]
[EventDate "2024.01.20"]
[EventType "swiss"]
[EventRounds "10"]
[EventCountry "BRA"]
[SourceTitle "CB05_2024"]
[SourceDate "2024.01.31"]
[SourceVersion "1"]
[SourceVersionDate "2024.01.31"]
[SourceQuality "1"]

1. d4 Nf6 2. Nf3 d5 3. c4 e6 4. Nc3 dxc4 5. Bg5 a6 6. Qa4+ Nbd7 7. Qxc4 h6 8. Bh4 c5 9. e3 b5 10. Qb3 Be7 11. Be2 cxd4 12. Nxd4 Nc5 13. Qc2 Bb7 14. 0-0 0-0 15. Rfd1 Qb6 16. Bf3 Bxf3 17. Nxf3 Rac8 18. Rac1 Qb7 19. Qe2 b4 20. Nb1 Nd5 21. Bxe7 Qxe7 22. Nbd2 a5 23. Ne5 Rfd8 24. Rc4 Qf6 25. Ndf3 Nb7 26. Rdc1 Nd6 27. Rxc8 Rxc8 28. Rxc8+ Nxc8 29. Qa6 Qd8 30. Nc6 Qc7 31. e4 Ndb6 32. Qb5 Nd6 33. Qc5 1/2-1/2

[Event "Florianopolis op 9th"]
[Site "Florianopolis"]
[Date "2023.01.25"]
[Round "4"]
[White "Dias, Matheus Nunes"]
[Black "Dubrovich, Igor"]
[Result "0-1"]
[WhiteElo "1680"]
[BlackElo "1962"]
[PlyCount "60"]
[EventDate "2023.01.23"]
[EventType "swiss"]
[EventRounds "10"]
[EventCountry "BRA"]
[SourceTitle "CBM 212 Extra"]
[Source "ChessBase"]
[SourceDate "2023.03.31"]
[SourceVersion "1"]
[SourceVersionDate "2023.03.31"]
[SourceQuality "1"]

1. d4 Nf6 2. c4 g6 3. Nc3 d5 4. cxd5 Nxd5 5. e4 Nxc3 6. bxc3 Bg7 7. Be3 c5 8. Bc4 Qa5 9. Qd2 0-0 10. Ne2 Nc6 11. 0-0 cxd4 12. Bxd4 Nxd4 13. Nxd4 e6 14. Rfd1 Qc5 15. Bb3 b6 16. Rac1 Bb7 17. Qe2 Rfd8 18. Qf3 Rac8 19. Nxe6 Rxd1+ 20. Qxd1 Qe7 21. Nxg7 Qxe4 22. f3 Qe3+ 23. Kh1 Kxg7 24. Rb1 Rxc3 25. h3 Rd3 26. Qe1 Qf4 27. Bd1 Rd2 28. a3 Qd6 29. a4 Bc8 30. Bb3 Bxh3 0-1

[Event "Pan American-ch U2000"]
[Site "Timbo"]
[Date "2021.12.03"]
[Round "6"]
[White "Dias, Matheus Nunes"]
[Black "Santos, Otavio Belegarde do"]
[Result "1-0"]
[WhiteElo "1701"]
[BlackElo "1816"]
[PlyCount "55"]
[EventDate "2021.12.01"]
[EventType "swiss"]
[EventRounds "9"]
[EventCountry "BRA"]
[SourceTitle "CBM 205 Extra"]
[Source "ChessBase"]
[SourceDate "2022.01.31"]
[SourceVersion "1"]
[SourceVersionDate "2022.01.31"]
[SourceQuality "1"]

1. d4 e6 2. c4 d5 3. Nc3 Nf6 4. Bf4 Bd7 5. e3 Bb4 6. Rc1 Bc6 7. Nf3 Nbd7 8. a3 Bxc3+ 9. Rxc3 Ne4 10. Rc1 Ndf6 11. Be2 h6 12. Ne5 Rc8 13. Nxc6 bxc6 14. Qa4 Qd7 15. Qxa7 0-0 16. 0-0 g5 17. Be5 Ne8 18. cxd5 exd5 19. Qb7 f6 20. Bg3 c5 21. Bb5 Qd8 22. dxc5 Rf7 23. Bxe8 Qxe8 24. Qxd5 Rd8 25. Qa2 h5 26. Bxc7 Rdd7 27. Bd6 Kg7 28. Rcd1 1-0

[Event "Cordeiropolis Levy Cup 3rd"]
[Site "Cordeiropolis"]
[Date "2017.06.04"]
[Round "5"]
[White "Dias, Matheus Nunes"]
[Black "Deus Filho, Joaquim"]
[Result "0-1"]
[WhiteElo "1709"]
[BlackElo "1946"]
[PlyCount "72"]
[EventDate "2017.06.02"]
[EventType "swiss"]
[EventRounds "6"]
[EventCountry "BRA"]
[SourceTitle "CBM 178 Extra"]
[Source "ChessBase"]
[SourceDate "2017.06.22"]
[SourceVersion "1"]
[SourceVersionDate "2017.06.22"]
[SourceQuality "1"]

1. d4 Nf6 2. c4 c5 3. Nf3 e6 4. Nc3 cxd4 5. Nxd4 Bb4 6. Bd2 Nc6 7. e3 0-0 8. Qc2 d5 9. a3 Bc5 10. Nxc6 bxc6 11. b4 Bd6 12. c5 Bc7 13. Bd3 e5 14. Bf5 e4 15. Bxc8 Rxc8 16. Ne2 Ng4 17. h3 Ne5 18. Nd4 Nd3+ 19. Ke2 Qf6 20. f4 Nxf4+ 21. exf4 Qxd4 22. Be3 Qf6 23. Rad1 Qh4 24. Rhf1 Qg3 25. Rf2 Rcd8 26. Rd4 a5 27. Qa4 Qg6 28. g4 axb4 29. Rxb4 Ra8 30. Qb3 Ba5 31. f5 Qf6 32. Bd4 Qg5 33. Be3 Qh4 34. Rb7 Qxh3 35. g5 Qh5+ 36. Kf1 Qh1+ 0-1

[Event "Cordeiropolis Levy Cup 3rd"]
[Site "Cordeiropolis"]
[Date "2017.06.02"]
[Round "1"]
[White "Dias, Matheus Nunes"]
[Black "Osipi, Jair"]
[Result "0-1"]
[WhiteElo "1709"]
[BlackElo "2175"]
[PlyCount "130"]
[EventDate "2017.06.02"]
[EventType "swiss"]
[EventRounds "6"]
[EventCountry "BRA"]
[SourceTitle "CBM 178 Extra"]
[Source "ChessBase"]
[SourceDate "2017.06.22"]
[SourceVersion "1"]
[SourceVersionDate "2017.06.22"]
[SourceQuality "1"]

1. d4 Nf6 2. c4 e6 3. Nc3 d5 4. cxd5 Nxd5 5. e4 Nxc3 6. bxc3 c5 7. d5 Qf6 8. Bb2 Qg6 9. f3 Bd6 10. Bb5+ Nd7 11. dxe6 Qxe6 12. Qd2 a6 13. Bxd7+ Bxd7 14. Rd1 Be7 15. c4 Ba4 16. Rc1 Rd8 17. Qc3 Bf6 18. Qa3 Bxb2 19. Qxb2 Qh6 20. Qe5+ Kf8 21. Qxc5+ Kg8 22. Ne2 Qd2+ 23. Kf2 h5 24. h4 Rh6 25. Rb1 Rg6 26. g3 Qd7 27. Qa5 Bc2 28. Rxb7 Qc8 29. Rc7 Qb8 30. Nf4 Qb2 31. Rb7 Qd4+ 32. Kg2 Qd2+ 33. Qxd2 Rxd2+ 34. Kh3 Rc6 35. Nxh5 Bd1 36. Rf1 Rxc4 37. Rb1 Ba4 38. a3 Bd7+ 39. g4 Rd3 40. Rbd1 Rcc3 41. Rxd3 Rxd3 42. Kg3 Rxa3 43. Nf4 a5 44. Nd5 Bb5 45. Rc1 a4 46. Rc8+ Kh7 47. Rc3 Rxc3 48. Nxc3 a3 49. Kf4 Bc4 50. Ke3 a2 51. Nxa2 Bxa2 52. f4 Bb3 53. e5 Bd1 54. g5 Kg6 55. h5+ Kxh5 56. Ke4 Kg4 57. g6 Bc2+ 58. Kd5 fxg6 59. Kd4 Kxf4 60. Kc3 Bf5 61. Kd2 Kxe5 62. Ke3 Be4 63. Kf2 Kf4 64. Kf1 Kg3 65. Kg1 g5 0-1

[Event "Sao Sebastiao do Paraiso op 4th"]
[Site "Sao Sebastiao do Paraiso"]
[Date "2016.12.17"]
[Round "2"]
[White "Dias, Matheus Nunes"]
[Black "Barreto, Michael Fernando Al"]
[Result "1/2-1/2"]
[WhiteElo "1703"]
[BlackElo "1823"]
[PlyCount "90"]
[EventDate "2016.12.17"]
[EventType "swiss"]
[EventRounds "5"]
[EventCountry "BRA"]
[SourceTitle "CBM 176 Extra"]
[Source "ChessBase"]
[SourceDate "2017.03.02"]
[SourceVersion "1"]
[SourceVersionDate "2017.03.02"]
[SourceQuality "1"]

1. d4 d5 2. c4 e6 3. Nc3 Nf6 4. Bg5 Bb4 5. e3 h6 6. Bxf6 Qxf6 7. cxd5 Bxc3+ 8. bxc3 exd5 9. Qb3 c6 10. c4 Qd6 11. Nf3 0-0 12. Bd3 b6 13. cxd5 Qxd5 14. Qxd5 cxd5 15. Rc1 Ba6 16. Kd2 Bxd3 17. Kxd3 Na6 18. a3 Rac8 19. Ne5 Nb8 20. f3 Rfd8 21. Rhd1 f6 22. Ng6 Kf7 23. Nf4 Rxc1 24. Rxc1 Rd7 25. Rc8 Na6 26. Ra8 g5 27. Nxd5 Nc5+ 28. dxc5 Rxd5+ 29. Ke2 Rxc5 30. Rxa7+ Kg6 31. f4 gxf4 32. exf4 Rc4 33. Ra6 b5 34. Ra5 b4 35. axb4 Rxb4 36. Kf3 f5 37. Re5 Rb3+ 38. Re3 Rb5 39. g4 Kf6 40. h4 fxg4+ 41. Kxg4 h5+ 42. Kf3 Kf5 43. Re8 Rb3+ 44. Re3 Rb5 45. Ra3 Rc5 1/2-1/2

[Event "BRA-ch Amateur U1800"]
[Site "Sao Paulo"]
[Date "2016.05.28"]
[Round "6"]
[White "Dias, Matheus Nunes"]
[Black "Gabriel, Claudiomar"]
[Result "1-0"]
[WhiteElo "1722"]
[BlackElo "1616"]
[PlyCount "67"]
[EventDate "2016.05.26"]
[EventType "swiss"]
[EventRounds "7"]
[EventCountry "BRA"]
[SourceTitle "EXT 2019"]
[Source "ChessBase"]
[SourceDate "2018.10.10"]
[SourceVersion "1"]
[SourceVersionDate "2018.10.10"]
[SourceQuality "1"]

1. d4 g6 2. c4 Bg7 3. Nc3 d6 4. e4 f5 5. Nf3 Nf6 6. Bd3 fxe4 7. Nxe4 0-0 8. Bg5 Nbd7 9. 0-0 Rf7 10. Qb3 Nxe4 11. Bxe4 c5 12. Bd5 Kf8 13. Bxf7 Kxf7 14. Rfe1 Bf6 15. Bxf6 exf6 16. Re4 f5 17. Re2 cxd4 18. Nxd4 Nc5 19. Qh3 Kg7 20. Rae1 Ne4 21. Qe3 Bd7 22. f3 Nc5 23. Qc3 Kh6 24. b4 Na4 25. Qd2+ Kh5 26. Re7 h6 27. Rh7 g5 28. Ree7 Nb6 29. Ne2 Nxc4 30. Ng3+ Kg6 31. Reg7+ Kf6 32. Qd4+ Ne5 33. Qxd6+ Be6 34. Nh5# 1-0

[Event "Sao Paulo Freitas op 2nd"]
[Site "Sao Paulo"]
[Date "2016.04.17"]
[Round "6"]
[White "Mendes, Rodrigo Machado"]
[Black "Dias, Matheus Nunes"]
[Result "1-0"]
[WhiteElo "1933"]
[BlackElo "1722"]
[PlyCount "73"]
[EventDate "2016.04.15"]
[EventType "swiss"]
[EventRounds "6"]
[EventCountry "BRA"]
[SourceTitle "EXT 2017"]
[Source "ChessBase"]
[SourceDate "2016.10.25"]
[SourceVersion "1"]
[SourceVersionDate "2016.10.25"]
[SourceQuality "1"]

1. e4 e5 2. Nf3 Nc6 3. Bc4 Bc5 4. 0-0 Nf6 5. d3 h6 6. a3 0-0 7. Ba2 d6 8. c3 Be6 9. b4 Bb6 10. Nbd2 Ne7 11. Nc4 Ng6 12. Nxb6 axb6 13. Bxe6 fxe6 14. Qb3 d5 15. Re1 Re8 16. Ra2 Kh8 17. Rae2 Qd6 18. h3 Nh5 19. g3 Rf8 20. Nh2 Rf7 21. d4 Raf8 22. exd5 exd5 23. dxe5 Qe6 24. Ng4 b5 25. Qc2 Rf5 26. Kh2 Rf3 27. Nf6 Rf5 28. g4 Rxe5 29. Rxe5 Qxf6 30. Rxh5 Nh4 31. Rxh4 Qxh4 32. Bf4 h5 33. Bg3 Qg5 34. gxh5 Qxh5 35. Re5 g5 36. Rxd5 Re8 37. Qf5 1-0

[Event "Sao Paulo Freitas op 2nd"]
[Site "Sao Paulo"]
[Date "2016.04.15"]
[Round "1"]
[White "Dos Santos, Tiago Augusto"]
[Black "Dias, Matheus Nunes"]
[Result "0-1"]
[WhiteElo "2034"]
[BlackElo "1722"]
[PlyCount "66"]
[EventDate "2016.04.15"]
[EventType "swiss"]
[EventRounds "6"]
[EventCountry "BRA"]
[SourceTitle "CBM 171 Extra"]
[Source "ChessBase"]
[SourceDate "2016.04.26"]
[SourceVersion "1"]
[SourceVersionDate "2016.04.26"]
[SourceQuality "1"]

1. e4 e5 2. Nf3 Nc6 3. Bb5 f5 4. d4 exd4 5. e5 Bb4+ 6. c3 dxc3 7. bxc3 Bc5 8. Qd5 Qe7 9. Bg5 Nf6 10. Bxf6 gxf6 11. 0-0 Nxe5 12. Nxe5 fxe5 13. Be2 h5 14. Re1 d6 15. Nd2 c6 16. Qb3 Be6 17. c4 h4 18. Rab1 b6 19. Bf3 e4 20. Nxe4 fxe4 21. Bxe4 Kd7 22. Re2 Qf7 23. Rbe1 Bxc4 24. Bf5+ Kd8 25. Qc3 Rf8 26. Re7 Qxf5 27. Qxc4 Bxf2+ 28. Kh1 Bxe1 29. Rxe1 h3 30. Qh4+ Kc8 31. Qc4 hxg2+ 32. Kxg2 Qf3+ 33. Kg1 Qf2+ 0-1

[Event "Sao Sebastiao IRT op"]
[Site "Sao Sebastiao do Paraiso"]
[Date "2016.02.14"]
[Round "4"]
[White "Dias, Matheus Nunes"]
[Black "Degrande, Pedro Henrique Alve"]
[Result "1/2-1/2"]
[WhiteElo "1726"]
[BlackElo "1670"]
[PlyCount "111"]
[EventDate "2016.02.13"]
[EventType "swiss"]
[EventRounds "5"]
[EventCountry "BRA"]
[SourceTitle "CBM 170 Extra"]
[Source "ChessBase"]
[SourceDate "2016.02.25"]
[SourceVersion "1"]
[SourceVersionDate "2016.02.25"]
[SourceQuality "1"]

1. d4 d5 2. c4 c6 3. Nc3 Bf5 4. cxd5 cxd5 5. Qb3 Qc7 6. Nxd5 Qd7 7. Bf4 e6 8. Nc7+ Kd8 9. Nxa8 Nc6 10. Nf3 Bb4+ 11. Bd2 Bxd2+ 12. Nxd2 Nxd4 13. Qg3 Nc2+ 14. Kd1 Nxa1 15. Qxg7 Qc8 16. Qf8+ Kd7 17. Qxf7+ Ne7 18. e4 Qc2+ 19. Ke1 Qc1+ 20. Ke2 Bg6 21. Qf6 Rd8 22. Qd4+ Kc8 23. Qc3+ Qxc3 24. bxc3 Nc2 25. Kd1 Bxe4 26. f3 Bg6 27. Kc1 Kd7 28. Bb5+ Nc6 29. Rd1 Kc8 30. h4 Ne3 31. Re1 Nxg2 32. Rxe6 Nxh4 33. Bxc6 bxc6 34. Rxc6+ Kb7 35. Rc4 Nxf3 36. Rc7+ Kxa8 37. Nxf3 Kb8 38. Rg7 Rd3 39. Ne5 Rxc3+ 40. Kb2 Rc2+ 41. Kb3 Rg2 42. Nc6+ Kc8 43. Nxa7+ Kd8 44. Nc6+ Ke8 45. Ka3 Re2 46. Nb4 Kf8 47. Rc7 Bf7 48. Rc2 Rxc2 49. Nxc2 h5 50. Ne1 h4 51. Nf3 h3 52. Kb4 Bd5 53. Nh2 Kf7 54. a4 Kg6 55. Kc5 Bg2 56. Kd4 1/2-1/2

[Event "Tabapua IRT U2200 1st"]
[Site "Tabapua"]
[Date "2015.11.07"]
[Round "3.3"]
[White "Dias, Matheus Nunes"]
[Black "Da Silva, Darley Donizetti"]
[Result "1/2-1/2"]
[WhiteElo "1695"]
[BlackElo "1867"]
[PlyCount "104"]
[EventDate "2015.11.07"]
[EventType "swiss"]
[EventRounds "5"]
[EventCountry "BRA"]
[SourceTitle "EXT 2022"]
[Source "ChessBase"]
[SourceDate "2021.10.06"]
[SourceVersion "1"]
[SourceVersionDate "2021.10.06"]
[SourceQuality "1"]

1. d4 d5 2. c4 e6 3. Nc3 Nf6 4. Bg5 c6 5. cxd5 exd5 6. e3 Be7 7. Nf3 Nbd7 8. Bd3 0-0 9. 0-0 Ne4 10. Bxe7 Qxe7 11. Qc2 f5 12. Nd2 Ndf6 13. Rfe1 g6 14. f3 Nxd2 15. Qxd2 Qd6 16. Rac1 Bd7 17. Kh1 Rae8 18. b3 Kg7 19. Bb1 Re7 20. e4 fxe4 21. fxe4 dxe4 22. Nxe4 Nxe4 23. Rxe4 Rxe4 24. Bxe4 Bf5 25. Bf3 Rd8 26. Rd1 Be6 27. Qe3 Bf7 28. h3 Re8 29. Qc3 Bd5 30. Rf1 Rf8 31. Qd3 Bxf3 32. Rxf3 Rxf3 33. gxf3 Kf7 34. Kg2 b6 35. Qe4 a5 36. a3 h6 37. h4 Qf6 38. Qg4 Ke7 39. Qe4+ Kd7 40. d5 Qd6 41. dxc6+ Qxc6 42. Qd4+ Ke6 43. Qe3+ Kf5 44. Qxh6 Qc2+ 45. Kh3 Qd3 46. Qg5+ Ke6 47. Qg4+ Kf6 48. Qf4+ Kg7 49. Qe5+ Kh7 50. Kg4 Qd7+ 51. Kg5 Qd8+ 52. Kg4 Qd7+ 1/2-1/2

[Event "Sao Sebastiao Online 2nd"]
[Site "Sao Sebastiao do Paraiso"]
[Date "2015.10.10"]
[Round "1.3"]
[White "Batista, Matheus Peres"]
[Black "Dias, Matheus Nunes"]
[Result "1-0"]
[WhiteElo "1764"]
[BlackElo "1676"]
[PlyCount "137"]
[EventDate "2015.10.10"]
[EventType "tourn"]
[EventRounds "9"]
[EventCountry "BRA"]
[SourceTitle "EXT 2022"]
[Source "ChessBase"]
[SourceDate "2021.10.06"]
[SourceVersion "1"]
[SourceVersionDate "2021.10.06"]
[SourceQuality "1"]

1. d4 Nf6 2. Nf3 g6 3. c3 Bg7 4. Nbd2 d5 5. e3 0-0 6. Bd3 c6 7. 0-0 Qc7 8. Re1 Nh5 9. e4 Nf4 10. Bc2 dxe4 11. Bxe4 Nd7 12. Nc4 Rd8 13. g3 Nd5 14. Bxd5 cxd5 15. Nce5 Nf6 16. Ng5 Rf8 17. Bf4 Nh5 18. Nxg6 Nxf4 19. Nxf4 e6 20. Qh5 h6 21. Nf3 Bd7 22. Ne5 Bc6 23. Qg4 Kh7 24. Qh5 Kg8 25. g4 Qe7 26. h4 Qf6 27. Nh3 Bb5 28. g5 Qf5 29. Kh2 hxg5 30. hxg5 Bd3 31. Re3 Be4 32. Rg1 Bxe5+ 33. dxe5 Qxe5+ 34. f4 Qg7 35. Nf2 Qh7 36. Qxh7+ Bxh7 37. Ng4 Kg7 38. Nf6 Bf5 39. Nh5+ Kg6 40. Ng3 Rh8+ 41. Kg2 Rh4 42. Rh1 Rxf4 43. Rh6+ Kxg5 44. Rh5+ Kg6 45. Rh2 Be4+ 46. Kg1 Rg8 47. Nxe4 dxe4 48. Rg3+ Kf5 49. Rxg8 e3 50. Re2 Ke4 51. Rg3 Rf3 52. Reg2 Rxg3 53. Rxg3 Kf4 54. Rg7 f5 55. Rxb7 Kf3 56. Re7 Ke2 57. Rxe6 f4 58. c4 f3 59. Rxe3+ Kxe3 60. Kf1 Kd4 61. b3 a5 62. Kf2 Ke4 63. a3 Kf4 64. b4 axb4 65. axb4 Ke4 66. b5 Ke5 67. Kxf3 Kd6 68. Ke4 Kc5 69. Ke5 1-0

[Event "Sao Sebastiao Online 2nd"]
[Site "Sao Sebastiao do Paraiso"]
[Date "2015.10.10"]
[Round "2.3"]
[White "Dias, Matheus Nunes"]
[Black "De Lima, Mateus Peres"]
[Result "1/2-1/2"]
[WhiteElo "1676"]
[BlackElo "1904"]
[PlyCount "78"]
[EventDate "2015.10.10"]
[EventType "tourn"]
[EventRounds "9"]
[EventCountry "BRA"]
[SourceTitle "EXT 2022"]
[Source "ChessBase"]
[SourceDate "2021.10.06"]
[SourceVersion "1"]
[SourceVersionDate "2021.10.06"]
[SourceQuality "1"]

1. d4 Nf6 2. c4 g6 3. Nc3 Bg7 4. e4 d6 5. Nf3 0-0 6. Be2 e5 7. 0-0 Nc6 8. d5 Ne7 9. b4 Ne8 10. Nd2 f5 11. f3 f4 12. g4 g5 13. c5 Kf7 14. a4 h5 15. h3 Rh8 16. Rf2 Ng6 17. Ba3 Qf6 18. Rc1 Ne7 19. Nc4 Qh6 20. Rg2 Ng6 21. cxd6 cxd6 22. Nb5 Bf8 23. Nc7 Rb8 24. Nxe8 Kxe8 25. Na5 hxg4 26. Bb5+ Kf7 27. hxg4 Qh3 28. Rc7+ Be7 29. Qc2 Nh4 30. Rxe7+ Kxe7 31. Qc7+ Kf8 32. Qxd6+ Kg8 33. Qd8+ Kg7 34. Qxg5+ Kf7 35. Be8+ Rxe8 36. Qh5+ Kg7 37. Qg5+ Kf7 38. Qh5+ Kg7 39. Qg5+ Kf7 1/2-1/2

[Event "Wch U20 54th"]
[Site "Khanty-Mansiysk"]
[Date "2015.09.13"]
[Round "11"]
[White "Hasenohr, Benedict"]
[Black "Dias, Matheus Nunes"]
[Result "1-0"]
[WhiteElo "2309"]
[BlackElo "1699"]
[PlyCount "63"]
[EventDate "2015.09.02"]
[EventType "swiss"]
[EventRounds "13"]
[EventCountry "RUS"]
[SourceTitle "EXT 2016"]
[Source "ChessBase"]
[SourceDate "2015.10.08"]
[SourceVersion "1"]
[SourceVersionDate "2015.10.08"]
[SourceQuality "1"]

1. d4 e6 2. Nf3 d5 3. e3 Nf6 4. Bd3 Be7 5. Nbd2 c5 6. b3 cxd4 7. exd4 0-0 8. 0-0 Nc6 9. Bb2 Bd7 10. c4 Bd6 11. Qe2 Nh5 12. Bc2 Nf4 13. Qe3 Re8 14. Ne5 Ng6 15. f4 Rc8 16. Ndf3 dxc4 17. Nxf7 Bxf4 18. Qf2 Kxf7 19. Bxg6+ hxg6 20. Ne5+ Nxe5 21. Qxf4+ Kg8 22. bxc4 Rxc4 23. Qxe5 Qb6 24. Rf2 Qc7 25. Qe4 Rf8 26. Rxf8+ Kxf8 27. Rf1+ Kg8 28. Ba3 Qb8 29. Qxg6 Rxd4 30. Bb2 Qe5 31. Qf7+ Kh8 32. Qf2 1-0

[Event "Wch U20 54th"]
[Site "Khanty-Mansiysk"]
[Date "2015.09.11"]
[Round "9"]
[White "Ererdem, Gani Eren"]
[Black "Dias, Matheus Nunes"]
[Result "1-0"]
[WhiteElo "2213"]
[BlackElo "1699"]
[PlyCount "35"]
[EventDate "2015.09.02"]
[EventType "swiss"]
[EventRounds "13"]
[EventCountry "RUS"]
[SourceTitle "EXT 2016"]
[Source "ChessBase"]
[SourceDate "2015.10.08"]
[SourceVersion "1"]
[SourceVersionDate "2015.10.08"]
[SourceQuality "1"]

1. e4 e6 2. d4 d5 3. Nd2 Nf6 4. e5 Nfd7 5. f4 c5 6. c3 Nc6 7. Ndf3 Qb6 8. g3 f6 9. a3 Be7 10. Bd3 0-0 11. h4 f5 12. Ne2 h5 13. Rb1 a5 14. Be3 c4 15. Bc2 Qa6 16. Ng5 Na7 17. Ng1 b5 18. Qxh5 1-0

[Event "BRA-ch Amateur"]
[Site "Sao Paulo"]
[Date "2015.04.02"]
[Round "4"]
[White "Dias, Matheus Nunes"]
[Black "Silva, Igor dos Santos"]
[Result "1-0"]
[WhiteElo "1638"]
[BlackElo "1912"]
[PlyCount "85"]
[EventDate "2015.04.30"]
[EventType "swiss"]
[EventRounds "7"]
[EventCountry "BRA"]
[SourceTitle "EXT 2022"]
[Source "ChessBase"]
[SourceDate "2021.10.06"]
[SourceVersion "1"]
[SourceVersionDate "2021.10.06"]
[SourceQuality "1"]

1. d4 b6 2. c4 Bb7 3. Nc3 e6 4. e4 Bb4 5. Qc2 f5 6. exf5 Nf6 7. fxe6 0-0 8. f3 Re8 9. Bd3 Nc6 10. Nge2 dxe6 11. Be3 e5 12. d5 Nd4 13. Qd2 c6 14. dxc6 Bxc6 15. 0-0 Nxe2+ 16. Qxe2 Bxc3 17. bxc3 e4 18. fxe4 Nxe4 19. Qc2 Re6 20. Rf4 Qe7 21. Bd4 g5 22. Rf5 Nd6 23. Rf2 Be4 24. Raf1 Rd8 25. Bf6 Rxf6 26. Rxf6 Bxd3 27. Qxd3 Ne4 28. Qe3 Qc5 29. Qxc5 bxc5 30. Ra6 Rd7 31. Ra3 Kg7 32. h3 Kg6 33. Rf8 Kh5 34. Kh2 Kh4 35. Ra6 h5 36. Re8 Ng3 37. Re1 Rb7 38. Rd6 Rb2 39. Ra6 Rb7 40. a4 Rf7 41. a5 Nf1+ 42. Rxf1 Rxf1 43. g3# 1-0

[Event "BRA-ch Amateur"]
[Site "Sao Paulo"]
[Date "2015.04.01"]
[Round "3"]
[White "Pereira, Geanfrancesco"]
[Black "Dias, Matheus Nunes"]
[Result "1-0"]
[WhiteElo "2014"]
[BlackElo "1638"]
[PlyCount "77"]
[EventDate "2015.04.30"]
[EventType "swiss"]
[EventRounds "7"]
[EventCountry "BRA"]
[SourceTitle "EXT 2022"]
[Source "ChessBase"]
[SourceDate "2021.10.06"]
[SourceVersion "1"]
[SourceVersionDate "2021.10.06"]
[SourceQuality "1"]

1. e4 e6 2. Qe2 e5 3. g3 Bc5 4. Bg2 Nc6 5. c3 d6 6. a4 a5 7. Nf3 Nge7 8. d3 Bg4 9. h3 Be6 10. Be3 Qd7 11. Ng5 Bxe3 12. fxe3 h6 13. Nxe6 Qxe6 14. Nd2 Na7 15. 0-0 b5 16. axb5 Nxb5 17. Ra4 0-0 18. Rfa1 c6 19. Rxa5 Rab8 20. Qg4 Qxg4 21. hxg4 Nc7 22. R1a2 Rfd8 23. Ra7 Rd7 24. Kf2 Kh7 25. Nc4 Nc8 26. R7a5 Nb6 27. Nxb6 Rxb6 28. Ra7 g5 29. Ke2 Kg6 30. Bf3 Kf6 31. d4 Re7 32. Kd3 Nb5 33. Rxe7 Kxe7 34. Bd1 Rb7 35. b4 Nc7 36. Ra5 f6 37. Ba4 Nb5 38. d5 Kd7 39. dxc6+ 1-0

[Event "Campinas Fazer op"]
[Site "Campinas"]
[Date "2015.03.22"]
[Round "5"]
[White "Dias, Matheus Nunes"]
[Black "Haubrick, Sidney Junior Barre"]
[Result "1-0"]
[WhiteElo "1634"]
[BlackElo "1657"]
[PlyCount "61"]
[EventDate "2015.03.20"]
[EventType "swiss"]
[EventRounds "6"]
[EventCountry "BRA"]
[SourceTitle "EXT 2018"]
[Source "ChessBase"]
[SourceDate "2017.10.13"]
[SourceVersion "1"]
[SourceVersionDate "2017.10.13"]
[SourceQuality "1"]

1. d4 g6 2. c4 Bg7 3. Nc3 c5 4. e3 cxd4 5. exd4 d6 6. Nf3 Bg4 7. h3 Bd7 8. Qb3 Qc8 9. Be3 Nc6 10. d5 Ne5 11. Nxe5 Bxe5 12. Rc1 a6 13. Na4 Bxa4 14. Qxa4+ Qd7 15. Qb4 e6 16. Be2 h5 17. Bg5 exd5 18. cxd5 f6 19. Be3 g5 20. f4 gxf4 21. Bxf4 Ne7 22. Bxe5 fxe5 23. Qe4 h4 24. 0-0 a5 25. a4 Rc8 26. Bb5 Nc6 27. dxc6 bxc6 28. Rxc6 Ke7 29. Rxc8 Qxc8 30. Qg6 Qe6 31. Qg7+ 1-0